Soil physical quality of the Indo-Gangetic plains and black soil region (Record no. 68860)

MARC details
000 -LEADER
fixed length control field 00453nam a2200157Ia 4500
100 ## - MAIN ENTRY--AUTHOR NAME
Personal name Raychaudhuri M
245 #0 - TITLE STATEMENT
Title Soil physical quality of the Indo-Gangetic plains and black soil region
260 ## - PUBLICATION, DISTRIBUTION, ETC. (IMPRINT)
Name of publisher Current Science
Year of publication 2014
300 ## - PHYSICAL DESCRIPTION
Number of Pages 1440-1451
650 ## - SUBJECT ADDED ENTRY--TOPICAL TERM
Topical Term Index
650 ## - SUBJECT ADDED ENTRY--TOPICAL TERM
Topical Term Management
650 ## - SUBJECT ADDED ENTRY--TOPICAL TERM
Topical Term Saturated hydraulic conductivity
650 ## - SUBJECT ADDED ENTRY--TOPICAL TERM
Topical Term Soil physical quality
942 ## - ADDED ENTRY ELEMENTS (KOHA)
Koha item type Journals
Holdings
Withdrawn status Lost status Damaged status Not for loan Home library Current library Shelving location Date acquired Serial Enumeration / chronology Koha item type
      Journals RRII Library RRII Library Agronomy 28/11/2014 Volume 107, Issue 9 Journals